000 00629cam a22001937a 4500
020 _a0764525867
040 _cUKM
082 0 4 _a006 JOH 2003 A003 Or.
100 1 _aLott, Joey.
245 1 0 _aComplete Flash remoting MX /
260 _aIndianapolis :
_bJohn Wiley,
_c2003.
300 _axxii, 573 p. :
_bill. ;
_c24 cm.
650 0 _aWeb site development.
650 0 _aInteractive multimedia
856 4 2 _uhttp://www.loc.gov/catdir/bios/wiley046/2002114846.html
856 4 2 _uhttp://www.loc.gov/catdir/description/wiley039/2002114846.html
856 4 1 _uhttp://www.loc.gov/catdir/toc/wiley031/2002114846.html
942 _cEK
999 _c16429
_d16429